Sports Quiz

Random Sports or MLB Quiz
Score 0/23 Timer 04:00
0 Plays Today
Year Pitcher % Correct
2007Dontrelle Willis
94.6%
2006Dontrelle Willis
94.6%
2005Dontrelle Willis
94.6%
1997Kevin Brown
92.5%
1996Kevin Brown
92.5%
2013Jose Fernandez
90.3%
1998Livan Hernandez
81.7%
2002A.J. Burnett
80.6%
2009Josh Johnson
79.6%
2004Carl Pavano
61.3%
2003Carl Pavano
61.3%
1993Charlie Hough
60.2%
Year Pitcher % Correct
2011Ricky Nolasco
52.7%
2008Ricky Nolasco
52.7%
2001Ryan Dempster
46.2%
2000Ryan Dempster
46.2%
2010Anibal Sanchez
40.9%
2012Mark Buehrle
33.3%
2015Tom Koehler
33.3%
2014Nathan Eovaldi
25.8%
1995John Burkett
14%
1994David Weathers
12.9%
1999Dennis Springer
11.8%
Remove Ads.
Support Sporcle.
Get the best of Sporcle when you Go Orange. This ad-free experience offers more features, more stats, and more fun while also helping to support Sporcle. Thank you for becoming a member.

You're not logged in!

Compare scores with friends on all Sporcle quizzes.
OR
Log In

Show Comments

Extras

Top Quizzes Today


Score Distribution

Your Account Isn't Verified!

In order to create a playlist on Sporcle, you need to verify the email address you used during registration. Go to your Sporcle Settings to finish the process.

Report this User

Report this user for behavior that violates our Community Guidelines.

Details: